00698nam a2200205 a 450000100060000000300090000600800410001502000150005604000280007104100130009908200170011210000240012924501610015326000340031430000200034849000320036850000390040061000110043965000420045025973CO-ViMGA141112s2004 ck r 000 u spa d a8423424782 aCO-ViMGAbspacCO-ViMGA aspabeng04a658.023 K25d1 aKennedy, Michael N.10aEl desarrollo de productos en Toyota : bpor qué su sistema es cuatro veces más eficaz y cómo puede implementarlo en su empresa / cMichael N. Kennedy aBarcelona : bDeusto, cc2007 a240 p. ; 24 cm. aGrandes casos empresariales aDatos del autor al final del texto aToyota14aEmpresas comerciales - Estados Unidos